Gelnický poslanec navrhol odvolanie riaditeľky nemocnice a nútenú správu peniazeP.Varga:"Zopár vyvolených dostáva vysoké mzdy a mestu rastie dlh."

Bibliographic Details
Main Author: Karasová, Erika, 1973- (Author)
Corporate Authors: Nemocnica s poliklinikou (Gelnica, Slovensko) (Author), Gelnica (Slovensko). Mestský úrad (Author)
Format: Article
Language:Slovak
PhysicalDescription:2 foto
ISSN:1335-759X
Subjects:

MARC

LEADER 00000nab a2200000 a 4500
001 vtls001021331
003 SK-MaSNL
005 20260303200733.0
008 040720e20040414xo 0 slo
035 |a SN7223 
040 |a SNSK  |b slo  |c SNSK  |e AACR2 
041 0 |a slo 
044 |a xo  |c SK 
080 |a 362.111  |2 1981 
080 |a 352.075.1  |2 1981 
100 1 |a Karasová, Erika,  |d 1973-   |4 aut  |9 89869 
245 1 0 |a Gelnický poslanec navrhol odvolanie riaditeľky nemocnice a nútenú správu  |b peniazeP.Varga:"Zopár vyvolených dostáva vysoké mzdy a mestu rastie dlh." 
300 |b 2 foto 
610 2 7 |a Nemocnica s poliklinikou (Gelnica, Slovensko)  |2 SNSK  |9 59007 
610 2 7 |a Gelnica (Slovensko).  |b Mestský úrad  |2 SNSK  |9 134210 
650 0 7 |a vedúci pracovníci   |2 SNSK  |9 59720 
650 0 7 |a odvolania  |2 SNSK  |9 1028576 
651 7 |a Gelnica (Slovensko)  |2 SNSK  |9 16801 
651 7 |a GL,  |2 SNSK  |9 1021384 
655 7 |a periodikum  |2 snkbucl  |9 29553 
710 2 |a Nemocnica s poliklinikou (Gelnica, Slovensko)  |4 aut  |9 59007 
710 1 |a Gelnica (Slovensko).  |b Mestský úrad  |4 aut  |9 134210 
773 0 8 |t Spišský denník  |g Roč. 6, č.86, 14.4.2004, s. 2  |x 1335-759X 
852 |a ZVYKNI  |b KIS3GCP 
999 |c 2169481  |d 2171411